000 00785nam a2200253Ia 4500
003 OSt
005 20220912145113.0
006 a|||||r|||| 00| 0
007 ta
008 220909b |||||||| |||| 00| 0 eng d
024 _a70666
037 _cTextual
040 _aCSL
_beng
_cCSL
041 _aeng
082 _aG:(C5)p1,N59, K0
100 _aBuzzati-Traverso A A B Ed.
111 _aSymposium on immediate and low level effects of ioninzing rediatins (1959 : London)
245 0 _aProceeding on immediate and low level effects of ioninzing rediatins
260 _aLondon
_bTaylor & Francis
_c1960
300 _axii,381p.
_ccm.
650 _aBiology
942 _hG:(C5)p1,N59, K0
_cTEXL
_2CC
999 _c23259
_d23259